The Lives of Erich Fromm (Registro nro. 301379)
[ vista simple ]
| 000 -ENCABEZADO | |
|---|---|
| Número de control [NR] | 01443cam a2200265Ii 4500 |
| 005 - FECHA Y HORA DE LA ÚLTIMA TRANSACCIÓN | |
| control field | 20151020122729.0 |
| 008 - DE LONGITUD FIJA DE DATOS DE ELEMENTOS - INFORMACIÓN GENERAL | |
| Elementos de longitud fija [NR] | 15 s2014 xxuaf frb 001 0beng d |
| 020 ## - NUMERO INTERNACIONAL NORMALIZADO PARA LIBROS [R] | |
| Número Internacional Normalizado del libro [NR] | 0231162596 |
| 020 ## - NUMERO INTERNACIONAL NORMALIZADO PARA LIBROS [R] | |
| Número Internacional Normalizado del libro [NR] | 9780231162593 |
| 035 ## - NUMERO DE CONTROL DEL SISTEMA [R] | |
| Número de control del sistema [NR] | (OCoLC)880565913 |
| 040 ## - FUENTE DE CATALOGACION [NR] | |
| Agencia de catalogación original [NR] | Co-BoUCM |
| Idioma de catalogación [NR] | spa |
| Quien Cataloga | Luz Cupitra |
| Quien Clasifica | Luz Cupitra |
| 041 0# - CODIGO DE IDIOMA [R] | |
| Código de idioma para texto/pista de sonido o título separado [R] | Inglés |
| 100 1# - ASIENTO PRINCIPAL--NOMBRE PERSONAL [NR] | |
| Nombre personal [NR] | Friedman, Lawrence Jacob |
| Fechas asociadas con el nombre [NR] | 1940- |
| ID Autoridad | 72580 |
| 245 14 - MENCION DE TITULO [NR] | |
| Título [NR] | The Lives of Erich Fromm |
| Parte restante del título [NR] | love's prophet |
| Mención de responsabilidad, etc. [NR] | Lawrence J. Friedman with assistance from Anke M. Schreiber |
| 260 ## - PUBLICACION, DISTRIBUCION, ETC. (PIE DE IMPRENTA) [R] | |
| Lugar de publicación, distribución, etc. [R] | New York (Estados Unidos) |
| Nombre del editor, distribuidor, etc. [R] | Columbia University Press |
| Fecha de publicación, distribución, etc. [R] | 2014 |
| 300 ## - DESCRIPCION FISICA [R] | |
| Extensión [R] | xxxv, 410 páginas |
| Otros detalles físicos [NR] | illustrations, láminas |
| 504 ## - NOTA DE BIBLIOGRAFIA, ETC. [R] | |
| Nota de bibliografía, etc. [NR] | Incluye referencias bibliográficas e índices |
| 505 0# - NOTA DE CONTENIDO CON FORMATO PREESTABLECIDO [R] | |
| Nota de contenido con formato preestablecido [NR] | Acknowledgments -- Prologue: writing lives -- Germany -- The unsteady apprentice -- Frankfurt scholar -- The Americas -- The Americanization of a European intellectual -- Escape from freedom -- Clinician and ethicist -- To love and to mentor -- Politics and prose -- Global citizenship -- Prophecies for a troubled world -- A third way -- "Life is extravagance": almost -- Hope and stasis -- Love and death -- A bibliographical note -- Notes --Index. |
| 600 1# - ASIENTO SECUNDARIO DE MATERIA - NOMBRE PERSONAL [R] | |
| Nombre personal [NR] | Fromm, Erich |
| Fechas asociadas con el nombre [NR] | 1900-1980 |
| 9 (RLIN) | 52577 |
| 650 #7 - ASIENTO SECUNDARIO DE MATERIA - TERMINO TEMATICO [R] | |
| Término temático o nombre geográfico como elemento de entrada [NR] | Psicoanalistas |
| Subdivisión geográfica [R] | Alemania |
| -- | Estados Unidos |
| Subdivisión de forma [R] | Biografias |
| 9 (RLIN) | 22788 |
| 690 ## - ASUNTO AGREGADO LOCAL DE ENTRADA - TÉRMINO TEMÁTICO (OCLC, RLIN) | |
| 9 (RLIN) | 42902 |
| Acceso temático local | Psicología |
| 700 1# - ASIENTO SECUNDARIO - NOMBRE PERSONAL [R] | |
| Nombre personal [NR] | Schreiber, Anke M. |
| 9 (RLIN) | 72581 |
| 942 ## - ELEMENTOS DE ENTRADA AGREGADOS (KOHA) | |
| Sistema de clasificación | DEWEY |
| Tema principal | Psicología |
| Tipo de ítem principal el descrito en 300a | Libro |
| Edición | 1 |
| Clasificación | 150.1957 |
| Parte restante de la signatura top. | F911li |
| Total préstamos | Signatura topográfica | Código de barras | Última vez visto | Ejemplar | Costo de reposición | Price effective from | Tipo de ítem | Perdido | Sistema de clasificación | Dañado | No prestable | Tipo de ítem específico | Suprimido | Ubicación habitual | Ubicación actual | Localización | Fecha de creación | Proveedor | Forma de adquisición | Costo |
|---|---|---|---|---|---|---|---|---|---|---|---|---|---|---|---|---|---|---|---|---|
| 150.1957 F911li | 100147931 | 05/12/2025 | Ej.1 | 52628.00 | 02/10/2015 | Libro | DEWEY | Libro | Claustro | Claustro | 2do piso | 02/10/2015 | 15 | Compra | 52628.00 |